[Event "POLFINAL MISTRZOSTW POLSKI JUNIOROW 2019 - D13"]
[Site "Ustron"]
[Date "1899-12-30"]
[Round "1.1"]
[White "Kucharska, Helena"]
[Black "Walendykiewicz, Martyna"]
[Result "1-0"]
[WhiteTitle "I"]
[BlackTitle "I"]
[WhiteElo "1630"]
[BlackElo "1223"]

1. e4 e5 2. Nf3 Nf6 3. Nc3 Bb4 4. Nxe5 d6 5. Nd3 Bxc3 6. dxc3 Nxe4 7. Nf4 Qf6 8.
Qe2 Qe5 9. Be3 Nf6 10. h3 Nc6 11. g4 a6 12. Bg2 Be6 13. Nxe6 Qxe6 14. c4 Qe5 15.
O-O-O Kf8 16. Rhe1 Re8 17. g5 Nd7 18. Rd5 Qe7 19. Qf1 Qd8 20. f4 Ne7 21. Rd2 Nf5
22. Bf2 Rxe1+ 23. Qxe1 b6 24. Bc6 Ne7 25. Bf3 Ng6 26. Bg3 Ne7 27. Bg4 h6 28. h4
hxg5 29. fxg5 Ng6 30. h5 Ne7 31. Qf1 Nc6 32. Qf5 Nc5 33. g6 f6 34. Qd5 Qe8 35.
Re2 Ne5 36. Bxe5 dxe5 37. b4 Na4 38. Re3 b5 39. c5 Rh6 40. Bd7 1-0

[Event "POLFINAL MISTRZOSTW POLSKI JUNIOROW 2019 - D13"]
[Site "Ustron"]
[Date "1899-12-30"]
[Round "1.2"]
[White "Sobieraj, Wiktoria"]
[Black "Oborska, Magda"]
[Result "0-1"]
[WhiteTitle "I"]
[BlackTitle "I+"]
[WhiteElo "1194"]
[BlackElo "1405"]

1. e4 e5 2. Nf3 Nf6 3. Nc3 Nc6 4. d4 exd4 5. Nxd4 Bb4 6. Nxc6 bxc6 7. Bd3 O-O 8.
O-O h6 9. Bd2 Re8 10. Re1 d6 11. a3 Bc5 12. h3 Nd7 13. Qf3 Ne5 14. Qg3 Re6 15.
Ne2 Rg6 16. Qh2 Nf3+ 0-1

[Event "POLFINAL MISTRZOSTW POLSKI JUNIOROW 2019 - D13"]
[Site "Ustron"]
[Date "1899-12-30"]
[Round "1.3"]
[White "Bialek, Alicja"]
[Black "Para, Aleksandra"]
[Result "1-0"]
[WhiteTitle "I"]
[BlackTitle "II+"]
[WhiteElo "1391"]
[BlackElo "1186"]

1. e4 c5 2. Nf3 a6 3. c3 d6 4. d4 cxd4 5. cxd4 Nf6 6. Nc3 e6 7. Bf4 b5 8. a3 Bb7
9. Bd3 Be7 10. O-O O-O 11. Rc1 Nbd7 12. Qe2 Rc8 13. Rfd1 Nb6 14. e5 Nfd5 15. Nxd5
Bxd5 16. exd6 Bxd6 17. Ne5 Qe8 18. Qh5 f5 19. Qh3 Bxe5 20. Bxe5 Qf7 21. Bd6 Rfd8
22. Bb4 Rxc1 23. Rxc1 Rc8 24. Rxc8+ Nxc8 25. Qh4 Qc7 26. Bc5 h6 27. h3 Bc6 28.
Bc2 Bd5 29. Bd1 Kh8 30. Qh5 Qd7 31. Bc2 Kg8 32. Qe2 Bc4 33. Qe5 Bd5 34. Bd3 Kh8
35. a4 Kg8 36. axb5 axb5 37. Qb8 Bc6 38. Bc2 Qb7 39. Qe5 Bd5 40. Bd3 Qd7 41. f4
Kh8 42. g4 fxg4 43. hxg4 Qe8 44. f5 Kg8 45. fxe6 Qxe6 46. Bf5 Qxe5 47. dxe5 Kf7
48. Bxc8 Be6 49. Bxe6+ Kxe6 50. Bf8 Kf7 51. Bd6 g6 52. Kf2 Ke6 53. Ke3 Kd5 54.
Kf4 Ke6 55. Ke4 1-0

[Event "POLFINAL MISTRZOSTW POLSKI JUNIOROW 2019 - D13"]
[Site "Ustron"]
[Date "1899-12-30"]
[Round "1.4"]
[White "Nowak, Zuzanna"]
[Black "Lajdamik, Anna"]
[Result "1-0"]
[WhiteTitle "I"]
[BlackTitle "I"]
[WhiteElo "1180"]
[BlackElo "1356"]

1. e4 c5 2. c3 g6 3. d4 cxd4 4. cxd4 d5 5. exd5 Nf6 6. Bc4 Nbd7 7. d6 Nb6 8. Bb5+
Bd7 9. Bxd7+ Qxd7 10. dxe7 Bxe7 11. Nf3 O-O 12. O-O Rfd8 13. Nc3 Nfd5 14. Nxd5
Qxd5 15. Re1 Bf6 16. Be3 Nc4 17. Qb3 a5 18. Rac1 Rac8 19. Nd2 b5 20. Nxc4 bxc4
21. Qc3 Be7 22. a3 Bf6 23. Red1 Rc6 24. h3 Rb8 25. Qd2 Rcb6 26. Rc2 Rb3 27. Qe2
Rc8 28. Rdc1 Bxd4 29. Rxc4 Rxc4 30. Rxc4 Bxe3 31. fxe3 Qe5 32. Rc2 Rxe3 33. Qd2
h5 34. Kf2 Qg3+ 35. Kf1 Rd3 36. Qe2 Qf4+ 37. Qf2 Qe4 38. Re2 Qc4 39. Kg1 Kf8 40.
Qf6 Qd4+ 41. Qxd4 Rxd4 42. Kf2 a4 43. Ke3 Rc4 44. Kd3 Rf4 45. Kc3 f5 46. b3 axb3
47. Kxb3 g5 48. a4 Kf7 49. a5 g4 50. h4 Rd4 51. a6 Rd7 52. Kc4 f4 53. Rf2 1-0

[Event "POLFINAL MISTRZOSTW POLSKI JUNIOROW 2019 - D13"]
[Site "Ustron"]
[Date "1899-12-30"]
[Round "1.5"]
[White "Dallemura, Anna"]
[Black "Egeman, Emilia"]
[Result "0-1"]
[WhiteTitle "I"]
[BlackTitle "II+"]
[WhiteElo "1328"]
[BlackElo "1177"]

1. e4 c5 2. Nf3 d6 3. d4 cxd4 4. Nxd4 Nf6 5. Nc3 a6 6. Be2 e6 7. Be3 Be7 8. Qd2
O-O 9. O-O b5 10. a3 Bb7 11. f3 Nbd7 12. Qe1 d5 13. exd5 Nxd5 14. Nxd5 Bxd5 15.
Kh1 Rc8 16. Qg3 Bf6 17. Qh3 Bc4 18. Bxc4 Rxc4 19. c3 Re8 20. Rfd1 Qc7 21. Rac1
Nb6 22. Rc2 Nd5 23. Bf2 Qb7 24. Re2 Nf4 25. Qg3 Nxe2 26. Nxe2 Rcc8 27. Nf4 Be5
28. Qg5 Bxf4 29. Qxf4 Rcd8 30. Re1 Qd5 31. Qc1 Qf5 32. h3 e5 33. Re4 f6 34. Qe1
Qd7 35. Bb6 Rb8 36. Bf2 Red8 37. Re2 Qd1 38. Kg1 Qxe1+ 39. Bxe1 Rd1 40. Kf2 Rbd8
41. g3 R1d7 42. g4 Kf7 43. Re3 Rd3 44. Re2 h6 45. Re4 g6 46. h4 R3d5 47. a4 f5
48. gxf5 gxf5 49. Rb4 Kf6 50. axb5 Rxb5 51. Rxb5 axb5 52. Ke2 e4 53. fxe4 fxe4
54. Bd2 Rh8 55. Ke3 Kf5 56. Be1 h5 0-1

[Event "POLFINAL MISTRZOSTW POLSKI JUNIOROW 2019 - D13"]
[Site "Ustron"]
[Date "1899-12-30"]
[Round "1.6"]
[White "Kokot, Agnieszka"]
[Black "Baran, Dagmara"]
[Result "0-1"]
[WhiteTitle "II+"]
[BlackTitle "I"]
[WhiteElo "1177"]
[BlackElo "1259"]

1. d4 Nf6 2. Nf3 e6 3. c4 Bb4+ 4. Bd2 Bxd2+ 5. Nbxd2 b6 6. e4 d5 7. Qc2 Bb7 8.
Bd3 dxe4 9. Nxe4 Nxe4 10. Bxe4 Bxe4 11. Qxe4 Nd7 12. O-O O-O 13. Rad1 Nf6 14.
Qc2 Qc8 15. Ne5 c5 16. Rfe1 Rd8 17. dxc5 Qxc5 18. Qe2 h6 19. a3 Qc7 20. b4 Rxd1
21. Rxd1 Rd8 22. Rxd8+ Qxd8 23. h3 Qd4 24. Qe3 Qxe3 25. fxe3 Ne4 26. a4 Nd6 27.
c5 bxc5 28. bxc5 Nc8 29. Nd7 f6 30. Kf2 Kf7 31. c6 Ke7 32. e4 Kd6 33. Nf8 e5 34.
c7 Kxc7 35. Ne6+ Kd6 36. Nxg7 a5 37. Nf5+ Ke6 38. Nxh6 Nb6 39. Ke2 Nxa4 40. Kd3
Nc5+ 41. Ke3 a4 42. Kd2 Nxe4+ 43. Kc2 Nc5 44. g4 e4 45. Nf5 Ke5 46. h4 Kf4 47.
h5 Kg5 48. Ne3 Nd3 49. Nd5 Ne5 50. Ne3 Nf7 51. Kc3 a3 52. Kb3 a2 53. Kxa2 Kf4
54. Nd5+ Kf3 55. Kb3 e3 56. Nxe3 Kxe3 57. Kc4 Kf4 58. Kd5 Nh6 59. Ke6 Kg5 60.
Kd5 Kxg4 61. Ke6 f5 62. Kf6 Kxh5 63. Ke5 Kg4 0-1

[Event "POLFINAL MISTRZOSTW POLSKI JUNIOROW 2019 - D13"]
[Site "Ustron"]
[Date "1899-12-30"]
[Round "1.7"]
[White "Mazurek, Maja"]
[Black "Sidlo, Malgorzata"]
[Result "1-0"]
[WhiteTitle "I"]
[BlackTitle "II+"]
[WhiteElo "1246"]
[BlackElo "1118"]

1. d4 d5 2. c4 e6 3. Nc3 c5 4. cxd5 exd5 5. Nf3 Nc6 6. Bf4 a6 7. e3 Nf6 8. Be2
Be7 9. O-O O-O 10. Rc1 b5 11. dxc5 Bb7 12. Bg5 Na5 13. b4 Nc4 14. Qd3 Qd7 15.
Qc2 Ne4 16. Bxe7 Qxe7 17. Nxe4 dxe4 18. Nd4 Bd5 19. Rfd1 f5 20. Nxb5 axb5 21.
Rxd5 Na3 22. Qb2 Qh4 23. g3 Qh6 24. Rd6 Qg5 25. Rc3 Nc4 26. Qb3 Kh8 27. Bxc4 bxc4
28. Qxc4 h5 29. Rc2 Rfd8 30. Rxd8+ Rxd8 31. Qe2 h4 32. c6 h3 33. c7 Rc8 34. b5
Qg6 35. a4 Qd6 36. Rc6 Qa3 37. Qh5+ Kg8 38. Qxh3 Qa1+ 39. Qf1 Qb2 40. Qc4+ Kh8
41. b6 Qb1+ 42. Qc1 Qb4 43. a5 Qxa5 44. b7 1-0

[Event "POLFINAL MISTRZOSTW POLSKI JUNIOROW 2019 - D13"]
[Site "Ustron"]
[Date "1899-12-30"]
[Round "1.8"]
[White "Rojek, Paulina"]
[Black "Pastuszko, Katarzyna"]
[Result "0-1"]
[WhiteTitle "I"]
[BlackTitle "I"]
[WhiteElo "1092"]
[BlackElo "1235"]

1. e4 e5 2. d4 exd4 3. Bc4 Nc6 4. Nf3 Bb4+ 5. c3 dxc3 6. bxc3 Bd6 7. O-O Nge7 8.
Bb2 O-O 9. Bb3 Ng6 10. g3 b6 11. Nbd2 Bb7 12. Re1 Nce5 13. Nxe5 Nxe5 14. Nf3 Qf6
15. Nxe5 Bxe5 16. Rc1 Qg6 17. Bd5 Bxd5 18. Qxd5 d6 19. Ba1 Rfe8 20. c4 Rad8 21.
Bxe5 Rxe5 22. Qb7 Rde8 23. Qxc7 Rxe4 24. Rxe4 Qxe4 25. Qxd6 h6 26. Qc7 Re7 27.
Qd8+ Kh7 28. Qd2 Qf3 29. Rd1 Re2 30. Qd3+ Qxd3 31. Rxd3 Rxa2 32. Rd7 Kg6 33. h4
h5 34. Kg2 Kf6 35. Rc7 Ke6 36. Kf3 Ra3+ 37. Kf4 Ra4 38. Kf3 Ra5 39. Kf4 Rc5 40.
Rxa7 Rxc4+ 41. Kf3 b5 42. Rb7 b4 43. Kg2 g6 44. Rb6+ Kd5 45. Rb7 f5 46. Rb6 Kd4
47. Rxg6 b3 48. Rb6 Kc3 49. Rb5 b2 50. Rxf5 b1=Q 51. Rxh5 Qe4+ 52. Kg1 Kd2 53.
Ra5 Rc1+ 54. Kh2 Rh1# 0-1

[Event "POLFINAL MISTRZOSTW POLSKI JUNIOROW 2019 - D13"]
[Site "Ustron"]
[Date "1899-12-30"]
[Round "1.9"]
[White "Labedz, Gabriela"]
[Black "Pieczewska, Jadwiga"]
[Result "1-0"]
[WhiteTitle "I"]
[BlackTitle "II"]
[WhiteElo "1226"]
[BlackElo "1073"]

1. e4 e6 2. d4 d5 3. e5 c5 4. c3 Nc6 5. Nf3 Qb6 6. a3 Bd7 7. b4 cxb4 8. cxb4 a6
9. Be3 Rc8 10. Bd3 Be7 11. O-O f6 12. exf6 Nxf6 13. h3 O-O 14. Qd2 Rfe8 15. Nc3
Qc7 16. Bf4 Bd6 17. Ne2 e5 18. dxe5 Bxe5 19. Bxe5 Nxe5 20. Nxe5 Qxe5 21. Ng3 Qc3
22. Rfd1 Qxd2 23. Rxd2 Rc3 24. Be2 Bc6 25. Bf3 Ne4 26. Re2 Nf6 27. Rd2 Ne4 28.
Re2 Nf6 29. Rxe8+ Nxe8 30. Ne2 Rc2 31. Nd4 Rc3 32. a4 Rc4 33. Nxc6 bxc6 34. b5
a5 35. Rb1 Nc7 36. b6 Na6 37. Be2 Rxa4 38. Bxa6 Rb4 39. Rxb4 axb4 40. b7 b3 41.
b8=Q+ Kf7 42. Qxb3 c5 43. Qxd5+ Kg6 44. Qe6+ Kg5 45. Bd3 c4 46. Qf5+ Kh6 47. Qf4+
g5 48. Qf6+ Kh5 49. g4+ Kh4 50. Qh6# 1-0

[Event "POLFINAL MISTRZOSTW POLSKI JUNIOROW 2019 - D13"]
[Site "Ustron"]
[Date "1899-12-30"]
[Round "1.10"]
[White "Gac-mytych, Sara"]
[Black "Pietrzak, Emilia"]
[Result "0-1"]
[WhiteTitle "II"]
[BlackTitle "I"]
[WhiteElo "1069"]
[BlackElo "1224"]

1. e4 c5 2. Nf3 e6 3. d4 cxd4 4. Nxd4 Nf6 5. Nc3 d6 6. Be2 Be7 7. O-O O-O 8. Be3
Nc6 9. Nb3 b6 10. f4 Bb7 11. Bf3 Qc7 12. Qd2 Rfd8 13. Rad1 Rac8 14. Qf2 Nb4 15.
a3 Na6 16. Rd2 Rd7 17. Rfd1 Rcd8 18. g3 Nc5 19. Nb5 Ncxe4 20. Nxc7 Nxf2 21. Rxf2
Bxf3 22. Rxf3 Rxc7 23. c3 e5 24. fxe5 dxe5 25. Rxd8+ Bxd8 26. Bg5 Rd7 27. Re3
h6 28. Bxf6 Bxf6 29. Re2 Rd5 30. Nd2 Bg5 31. Nf3 f6 32. b4 Rd3 33. h4 Rxf3 34.
hxg5 Rxg3+ 35. Kh2 Rxc3 36. gxf6 gxf6 37. Rf2 Kf7 38. Rf5 Rxa3 39. Rh5 Kg6 40.
Rh4 Kg5 41. Rc4 f5 42. Kg2 f4 43. Kf2 Re3 44. Rc7 Re4 45. Rxa7 Rxb4 46. Rg7+ Kf6
47. Rg2 Rb2+ 48. Kf3 e4+ 49. Kxf4 Rxg2 50. Kxe4 h5 51. Kf3 Rg5 52. Ke4 h4 53.
Kf4 h3 54. Ke4 h2 55. Kf4 h1=Q 56. Ke3 Qe1+ 57. Kf4 Rf5+ 58. Kg4 Qg1+ 59. Kh4
Qg5+ 60. Kh3 Rf3+ 61. Kh2 Qg3+ 62. Kh1 Rf1# 0-1

[Event "POLFINAL MISTRZOSTW POLSKI JUNIOROW 2019 - D13"]
[Site "Ustron"]
[Date "1899-12-30"]
[Round "1.11"]
[White "Staniewicz, Adrianna"]
[Black "Wiszniewska, Gabriela"]
[Result "1/2-1/2"]
[WhiteTitle "WCM"]
[BlackTitle "I"]
[WhiteElo "1223"]
[BlackElo "1061"]

1. e4 e5 2. Nf3 Nc6 3. Bc4 Nd4 4. Nxd4 exd4 5. c3 Bc5 6. Bxf7+ Kf8 7. O-O d6 8.
Bb3 Nf6 9. d3 Qe7 10. Qe1 Qe5 11. h3 Bxh3 12. gxh3 dxc3 13. Kg2 cxb2 14. Bxb2
Qxb2 15. Nd2 Bb4 16. Rd1 Qe5 17. Qe3 Bxd2 18. Qxd2 Ke7 19. Rc1 c6 20. Rce1 h6
21. f4 Qc5 22. e5 Nd5 23. d4 Qb5 24. f5 Rhf8 25. f6+ gxf6 26. exf6+ Kd7 27. Bxd5
Qxd5+ 28. Kh2 Rf7 29. Re2 Kc7 30. Re7+ Rxe7 31. fxe7 Re8 32. Qe2 Kd7 33. Re1 Qf7
34. Qg4+ Kc7 35. Qe2 Kd7 36. Qg4+ Kc7 1/2-1/2

[Event "POLFINAL MISTRZOSTW POLSKI JUNIOROW 2019 - D13"]
[Site "Ustron"]
[Date "1899-12-30"]
[Round "2.1"]
[White "Pastuszko, Katarzyna"]
[Black "Kucharska, Helena"]
[Result "0-1"]
[WhiteTitle "I"]
[BlackTitle "I"]
[WhiteElo "1235"]
[BlackElo "1630"]

1. e4 e5 2. Nf3 Nc6 3. Bc4 Bc5 4. c3 Nf6 5. d4 exd4 6. cxd4 Bb4+ 7. Nc3 Nxe4 8.
O-O Bxc3 9. bxc3 d5 10. Re1 O-O 11. Bd3 f5 12. Qb3 Kh8 13. Ba3 Re8 14. Bb5 Na5
15. Qc2 Bd7 16. Ne5 Rxe5 17. Bxd7 Qxd7 18. dxe5 Nc4 19. Bc1 Qe6 20. f3 Nc5 21.
Be3 Nd7 22. Kh1 b6 23. Rad1 Re8 24. Qf2 Ndxe5 25. Bf4 Nd3 26. Rxe6 Nxf2+ 27. Kg1
Rxe6 28. Kxf2 c6 29. Re1 Rxe1 30. Kxe1 Kg8 31. Ke2 Kf7 32. Kd3 h6 33. h4 Ke6 34.
g4 fxg4 35. fxg4 Ne5+ 36. Bxe5 Kxe5 37. Ke3 c5 38. a4 d4+ 39. cxd4+ cxd4+ 40.
Kd3 Kd5 41. g5 hxg5 42. hxg5 a6 43. g6 b5 44. axb5 axb5 0-1

[Event "POLFINAL MISTRZOSTW POLSKI JUNIOROW 2019 - D13"]
[Site "Ustron"]
[Date "1899-12-30"]
[Round "2.2"]
[White "Oborska, Magda"]
[Black "Labedz, Gabriela"]
[Result "1-0"]
[WhiteTitle "I+"]
[BlackTitle "I"]
[WhiteElo "1405"]
[BlackElo "1226"]

1. d4 d5 2. c4 e6 3. Nc3 Nf6 4. Nf3 dxc4 5. Bg5 Bb4 6. e3 b5 7. a4 c6 8. Nd2 Bxc3
9. bxc3 Nbd7 10. Be2 Bb7 11. Qb1 Qb6 12. O-O O-O 13. Ra2 Nd5 14. Rc1 f6 15. Bh4
a6 16. Rb2 Qa5 17. Bxc4 Nxc3 18. Bxe6+ Kh8 19. Rxc3 Qxc3 20. Bxd7 Rad8 21. Ne4
Qa3 22. Nc5 Qc3 23. Rb3 Qd2 24. Rb2 Qc3 25. Ne6 Rxd7 26. Nxf8 Re7 27. Qxh7# 1-0

[Event "POLFINAL MISTRZOSTW POLSKI JUNIOROW 2019 - D13"]
[Site "Ustron"]
[Date "1899-12-30"]
[Round "2.3"]
[White "Pietrzak, Emilia"]
[Black "Bialek, Alicja"]
[Result "0-1"]
[WhiteTitle "I"]
[BlackTitle "I"]
[WhiteElo "1224"]
[BlackElo "1391"]

1. e4 c5 2. Nf3 a6 3. c3 d5 4. e5 Bg4 5. h3 Bh5 6. d3 Nc6 7. g4 Bg6 8. Qe2 e6 9.
Bg2 h6 10. O-O Nge7 11. Nh4 Bh7 12. f4 Qc7 13. Na3 b5 14. Bd2 Rb8 15. Nc2 c4 16.
Ne1 Nc8 17. d4 Be7 18. Qf2 b4 19. f5 Bg5 20. Nef3 Bd8 21. Rae1 a5 22. Qg3 Rg8
23. g5 N8e7 24. g6 fxg6 25. fxg6 Bxg6 26. Nxg6 Nf5 27. Qg4 Qf7 28. Nfh4 Bxh4 29.
Nxh4 Nce7 30. Nxf5 exf5 31. Qg3 Qe6 32. Qh4 g5 33. Qh5+ Kd8 34. h4 f4 35. hxg5
hxg5 36. cxb4 axb4 37. Qe2 Nf5 38. Qg4 Ke7 39. Bh3 Nxd4 40. Qxe6+ Nxe6 41. Bxe6
Kxe6 42. Kg2 d4 43. Rh1 Rg6 44. Rh5 c3 45. Bc1 d3 46. bxc3 bxc3 47. Ba3 d2 48.
Rd1 Kxe5 49. Rh3 Rc6 50. Kf3 Ra8 51. Bb4 c2 52. Rxd2 c1=Q 53. Re2+ Kf5 54. a3
Qf1+ 55. Rf2 Qxh3+ 56. Ke2 Rc2+ 57. Bd2 Rxd2+ 58. Kxd2 Qe3+ 59. Kd1 Qxf2 60. Kc1
Re8 61. Kb1 Re1# 0-1

[Event "POLFINAL MISTRZOSTW POLSKI JUNIOROW 2019 - D13"]
[Site "Ustron"]
[Date "1899-12-30"]
[Round "2.4"]
[White "Baran, Dagmara"]
[Black "Nowak, Zuzanna"]
[Result "1/2-1/2"]
[WhiteTitle "I"]
[BlackTitle "I"]
[WhiteElo "1259"]
[BlackElo "1180"]

1. e4 e5 2. Nf3 Nc6 3. Bb5 a6 4. Ba4 Nf6 5. d3 d6 6. c3 g6 7. O-O Bg7 8. Be3 O-O
9. Qc1 b5 10. Bb3 Na5 11. Bc2 c5 12. Bh6 Bg4 13. Bd1 Nc6 14. Bxg7 Kxg7 15. Nbd2
d5 16. Re1 Re8 17. h3 Bc8 18. Bc2 Bb7 19. Bb3 Qd6 20. Bc2 Rad8 21. b3 Ng8 22.
Nh4 Nge7 23. Ndf3 Bc8 24. Nh2 f5 25. N4f3 f4 26. Re2 d4 27. c4 b4 28. a3 Kh8 29.
Re1 Ng8 30. Bd1 Nf6 31. Ng5 Qe7 32. a4 Qg7 33. Be2 h6 34. Ngf3 g5 35. Qd1 Rg8
36. Nd2 g4 37. Bxg4 Nxg4 38. hxg4 Bxg4 39. Qxg4 Qxg4 40. Nxg4 Rxg4 41. f3 Rg5
42. Kf2 Rdg8 43. Rg1 Kh7 44. Rab1 Ne7 45. Rbf1 1/2-1/2

[Event "POLFINAL MISTRZOSTW POLSKI JUNIOROW 2019 - D13"]
[Site "Ustron"]
[Date "1899-12-30"]
[Round "2.6"]
[White "Egeman, Emilia"]
[Black "Staniewicz, Adrianna"]
[Result "1/2-1/2"]
[WhiteTitle "II+"]
[BlackTitle "WCM"]
[WhiteElo "1177"]
[BlackElo "1223"]

1. e4 c5 2. Nf3 e6 3. d4 cxd4 4. Nxd4 a6 5. Bd3 Nf6 6. O-O Qc7 7. Qe2 d6 8. c4
Nbd7 9. f4 Be7 10. Nc3 b6 11. Bd2 Bb7 12. Rae1 Nc5 13. Bb1 Bc6 14. e5 Nfd7 15.
b4 Nb7 16. Nxc6 Qxc6 17. Be4 Qc7 18. exd6 Bxd6 19. a3 Rb8 20. h3 Nf6 21. Bd3 O-O
22. Ne4 Be7 23. Nxf6+ Bxf6 24. Qh5 g6 25. Qg4 Qd8 26. Qe2 Qd7 27. Be3 Nd6 28.
g4 Rfc8 29. c5 bxc5 30. Bxc5 Nb5 31. Bxb5 axb5 32. Rd1 Qb7 33. Rd3 Rd8 34. Rfd1
Rxd3 35. Rxd3 Rd8 36. g5 Be7 37. Bd4 Qb8 38. Be5 Qb6+ 39. Kg2 Qc6+ 40. Kh2 Rxd3
41. Qxd3 Kf8 42. Bc3 Qd6 43. Qe4 Bxg5 44. Qa8+ Qd8 45. Qe4 Be7 46. Qe5 f6 47.
Qxe6 Kg7 48. Qe2 Qc7 49. Bd2 1/2-1/2

[Event "POLFINAL MISTRZOSTW POLSKI JUNIOROW 2019 - D13"]
[Site "Ustron"]
[Date "1899-12-30"]
[Round "2.7"]
[White "Wiszniewska, Gabriela"]
[Black "Dallemura, Anna"]
[Result "0-1"]
[WhiteTitle "I"]
[BlackTitle "I"]
[WhiteElo "1061"]
[BlackElo "1328"]

1. e4 e5 2. Nf3 Nc6 3. Bc4 Bc5 4. d3 Nf6 5. Bg5 h6 6. Bh4 d6 7. h3 Be6 8. Bb3 Qd7
9. a3 Ne7 10. Nc3 Ng6 11. Bg3 a6 12. d4 exd4 13. Nxd4 Bxd4 14. Qxd4 Bxb3 15. cxb3
O-O 16. O-O-O Qe6 17. Nd5 Nxd5 18. Qxd5 Qxd5 19. Rxd5 Rfe8 20. f3 Re6 21. Kb1
Ne7 22. Rd3 Re8 23. Rc1 Nc6 24. Rdc3 Rg6 25. f4 Rxe4 26. Rf3 Nd4 27. f5 Rg5 28.
Rd3 Ne2 29. Rxc7 Rxg3 30. Rxd6 Rd4 31. Rb6 Rxg2 32. Rbxb7 Rg1+ 33. Ka2 Rdd1 34.
b4 Nd4 35. Rc8+ Kh7 36. Rbb8 Ra1# 0-1

[Event "POLFINAL MISTRZOSTW POLSKI JUNIOROW 2019 - D13"]
[Site "Ustron"]
[Date "1899-12-30"]
[Round "2.8"]
[White "Lajdamik, Anna"]
[Black "Kokot, Agnieszka"]
[Result "0-1"]
[WhiteTitle "I"]
[BlackTitle "II+"]
[WhiteElo "1356"]
[BlackElo "1177"]

1. e4 c5 2. Nc3 Nc6 3. g3 g6 4. Bg2 Bg7 5. d3 e6 6. f4 d6 7. Nf3 Nge7 8. O-O O-O
9. Be3 Nd4 10. Rb1 d5 11. Ne2 Nxf3+ 12. Bxf3 Qc7 13. g4 dxe4 14. dxe4 Rd8 15.
Qe1 f5 16. g5 fxe4 17. Bxe4 Nf5 18. Bd2 Rb8 19. Ng3 Bd4+ 20. Kh1 b6 21. a4 Bb7
22. c3 Bg7 23. Kg1 Rd6 24. Bxb7 Qxb7 25. Ne4 Rc6 26. h4 Kf7 27. Rf2 Nxh4 28. Qf1
Nf5 29. Rh2 Rh8 30. Qg2 Rc7 31. Re1 Qc6 32. Qe2 Re7 33. Nf6 Ng3 34. Qf2 Nf5 35.
Qe2 Ng3 36. Qf2 Nf5 37. Nxh7 Qxa4 38. Qg2 Qc2 39. b4 Bxc3 40. Bxc3 Qxc3 41. Re5
Qc1+ 42. Qf1 Qxf1+ 43. Kxf1 cxb4 44. Rb2 Rxh7 0-1

[Event "POLFINAL MISTRZOSTW POLSKI JUNIOROW 2019 - D13"]
[Site "Ustron"]
[Date "1899-12-30"]
[Round "2.9"]
[White "Walendykiewicz, Martyna"]
[Black "Rojek, Paulina"]
[Result "1-0"]
[WhiteTitle "I"]
[BlackTitle "I"]
[WhiteElo "1223"]
[BlackElo "1092"]

1. e4 c5 2. Nf3 Nc6 3. d4 cxd4 4. Nxd4 d6 5. Nc3 Nf6 6. Bg5 e6 7. Qd2 Be7 8. O-O-O
a6 9. f4 Qc7 10. h3 b5 11. Bxf6 Bxf6 12. Nxc6 Qxc6 13. Qxd6 Qxd6 14. Rxd6 Bxc3
15. bxc3 Bb7 16. Rd4 O-O 17. Rg1 Rfd8 18. Rxd8+ Rxd8 19. Bd3 f6 20. g3 Kf7 21.
Re1 Rc8 22. Kb2 Rc5 23. Rd1 Ke7 24. a3 g6 25. g4 g5 26. Rf1 h6 27. Kb3 a5 28.
Rf2 Ba8 29. h4 Bb7 30. fxg5 fxg5 31. h5 Re5 32. Re2 Kd6 33. c4 bxc4+ 34. Kxc4
Ba6+ 35. Kd4 Bxd3 36. cxd3 Rb5 37. Rf2 e5+ 38. Kc3 Ke7 39. Kc4 Rb6 40. Rf5 Ke6
41. Rf2 Ke7 42. Kc3 Rb5 43. Rb2 Rxb2 44. Kxb2 Kd6 45. Kc3 Kc5 46. a4 Kd6 47. Kc4
Kc6 48. d4 exd4 49. Kxd4 Kd6 50. e5+ Ke6 51. Ke4 Ke7 52. Kf5 Kf7 53. e6+ Ke7 54.
Ke5 Ke8 55. Kf6 Kf8 56. e7+ Ke8 57. Kg6 Kxe7 58. Kxh6 Kf6 59. Kh7 Kf7 60. h6 Kf8
61. Kg6 Kg8 62. Kxg5 Kh7 63. Kf6 Kh8 64. g5 Kh7 65. g6+ Kg8 66. h7+ Kh8 67. g7+
Kxh7 68. Kf7 1-0

[Event "POLFINAL MISTRZOSTW POLSKI JUNIOROW 2019 - D13"]
[Site "Ustron"]
[Date "1899-12-30"]
[Round "2.10"]
[White "Sidlo, Malgorzata"]
[Black "Sobieraj, Wiktoria"]
[Result "1-0"]
[WhiteTitle "II+"]
[BlackTitle "I"]
[WhiteElo "1118"]
[BlackElo "1194"]

1. e4 c6 2. d4 d5 3. Nc3 dxe4 4. Nxe4 Bf5 5. Ng3 Bg6 6. N1e2 Nd7 7. Nf4 Ngf6 8.
h4 h6 9. Nxg6 fxg6 10. Bd3 Qb6 11. Bxg6+ Kd8 12. Ne2 e6 13. Nf4 Ke7 14. Nxe6 Kxe6
15. Qe2+ Kd5 16. Bf7+ Kd6 17. Bf4+ Ne5 18. Qxe5+ Kd7 19. Qe6+ Kd8 20. O-O 1-0

[Event "POLFINAL MISTRZOSTW POLSKI JUNIOROW 2019 - D13"]
[Site "Ustron"]
[Date "1899-12-30"]
[Round "2.11"]
[White "Para, Aleksandra"]
[Black "Gac-mytych, Sara"]
[Result "1-0"]
[WhiteTitle "II+"]
[BlackTitle "II"]
[WhiteElo "1186"]
[BlackElo "1069"]

1. e4 e5 2. Nf3 Nf6 3. Nc3 Nc6 4. Bb5 Bc5 5. h3 a6 6. Bc4 O-O 7. d3 h6 8. O-O d6
9. Ne2 Be6 10. Bb3 Qd7 11. Kh2 Ne7 12. Ng3 Ng6 13. c3 Rfe8 14. Bc2 Nf4 15. Bxf4
exf4 16. Ne2 g5 17. d4 g4 18. hxg4 Bb6 19. Nxf4 Bxg4 20. Re1 Re7 21. Qd3 Be6 22.
Kg1 Ng4 23. e5 f6 24. exf6 Nxf6 25. Qg6+ Rg7 26. Qxf6 Bh3 27. Bb3+ Kh7 28. Bc2+
Kh8 29. Qxh6+ Kg8 30. Bb3+ Rf7 31. Bxf7+ Qxf7 32. Qg6+ Qxg6 33. Nxg6 Be6 34. Rxe6
Kf7 35. Rae1 Rg8 36. Nf4 Rg4 37. Nh3 Rg8 38. Nhg5+ Kg7 39. Re7+ Kh6 40. R1e6+
Kh5 41. Rh7+ Kg4 42. Rf6 Rxg5 43. Rh4# 1-0

[Event "POLFINAL MISTRZOSTW POLSKI JUNIOROW 2019 - D13"]
[Site "Ustron"]
[Date "1899-12-30"]
[Round "3.1"]
[White "Kucharska, Helena"]
[Black "Bialek, Alicja"]
[Result "0-1"]
[WhiteTitle "I"]
[BlackTitle "I"]
[WhiteElo "1630"]
[BlackElo "1391"]

1. e4 d5 2. exd5 Qxd5 3. Nf3 Nf6 4. Nc3 Qd8 5. d4 g6 6. Bc4 Bg7 7. Ne5 O-O 8. Be3
Nbd7 9. Qe2 a6 10. a4 Nb6 11. Bb3 e6 12. Rd1 Nfd5 13. Nxd5 Nxd5 14. Bc1 Qd6 15.
O-O b6 16. c4 Ne7 17. Qf3 Rb8 18. Bf4 Bb7 19. Qh3 Qd8 20. Ng4 Nf5 21. Be5 f6 22.
Bf4 Nxd4 23. Nh6+ Kh8 24. Rxd4 Qxd4 25. Qxe6 Bxh6 26. Bxh6 Rbe8 27. Qh3 Rf7 28.
Bc2 Qxc4 29. Bb3 Bxg2 30. Bxc4 Bxh3 31. Bxf7 Re4 32. f3 Rh4 33. Re1 Rxh6 34. Bb3
Rh4 35. Re8+ Kg7 36. Re7+ Kh6 37. Rxc7 Rb4 38. Bg8 Bf5 39. Rxh7+ Kg5 40. Kf2 Rxb2+
41. Kg3 Bc2 42. h4+ Kf5 43. Re7 Bxa4 44. Re4 Bb3 45. Rb4 Bxg8 46. Rxb2 b5 47.
Rh2 Bf7 48. Rd2 a5 49. Kf2 a4 50. Rd7 Bc4 51. Ra7 Bb3 52. Ra5 Bc4 53. Ke3 Ke5
54. Ra6 Bd5 55. Ra5 Bc6 56. Ra6 Kd5 57. Kd3 Kc5 58. Kc3 b4+ 59. Kb2 Kb5 60. Ra7
a3+ 61. Ka2 Bxf3 62. Rg7 Bd5+ 63. Ka1 b3 64. Re7 f5 65. Re5 Kc4 66. Re8 b2+ 67.
Ka2 Kc3+ 68. Kb1 a2# 0-1

[Event "POLFINAL MISTRZOSTW POLSKI JUNIOROW 2019 - D13"]
[Site "Ustron"]
[Date "1899-12-30"]
[Round "3.2"]
[White "Mazurek, Maja"]
[Black "Oborska, Magda"]
[Result "0-1"]
[WhiteTitle "I"]
[BlackTitle "I+"]
[WhiteElo "1246"]
[BlackElo "1405"]

1. d4 Nf6 2. c4 g6 3. Nc3 Bg7 4. e4 d6 5. Be2 O-O 6. Bg5 Nbd7 7. h4 e5 8. d5 Nc5
9. h5 h6 10. Be3 Nfxe4 11. Nxe4 Nxe4 12. hxg6 fxg6 13. Bd3 Bf5 14. Bxe4 Bxe4 15.
f3 Bf5 16. g4 Bd7 17. Bxh6 Bxh6 18. Rxh6 Qf6 19. Qe2 Kg7 20. Rh1 Rh8 21. Rxh8
Rxh8 22. O-O-O Qf4+ 23. Kb1 Rh2 24. Qd3 e4 25. Qd4+ Qf6 26. Qxf6+ Kxf6 27. g5+
Kxg5 28. fxe4 Rf2 29. Re1 Bg4 30. a3 Kf4 31. Ka2 a5 32. c5 Ke5 33. cxd6 cxd6 34.
Kb3 b6 35. Kc3 a4 36. b3 axb3 37. Kxb3 Rf4 38. Kc4 Rxe4+ 39. Rxe4+ Kxe4 40. a4
Bd1 41. Nh3 Bxa4 42. Kb4 Be8 43. Kc4 b5+ 44. Kb4 Kxd5 45. Nf4+ Ke5 46. Nd3+ Kf5
47. Ne1 g5 48. Nf3 Kf4 49. Nxg5 Kxg5 50. Kc3 Kf5 51. Kd4 Ke6 52. Kc3 Kd5 53. Kd3
b4 54. Kc2 Kc4 55. Kb2 b3 56. Kc1 Kc3 57. Kb1 Bg6+ 58. Ka1 b2+ 59. Ka2 b1=Q+ 60.
Ka3 Qb3# 0-1